00860nam a22002537a 4500001001000000003000900010005001700019007000300036008004100039040002500080082001900105100004400124245008200168260004500250300002000295590002800315600003700343600003700380700004200417910000700459942001400466952010900480999001700589000004073DO-SdBNP20260321073644.0ta090716s1941 dr r 001 e spa d aDO-SdBNPbspacBNPHU 4axxxbL318l2221 aCastellanos, Justo Pedro,d1961-97118910aLa liberación dominicana y los congresos internacionales /cRamón De Lara aCaracas, Venezuela :bActualidad,c1941. a18 p. ;c15 cm. aInventariado, 2022 / DG10a Bosch, Juan, d1909-200197655510a Bosch, Juan, d1909-20019765551 aVerges, Pedro,d1945-epról.912149 aDG 2ddccLBS1 00102ddc51708PDaBNPHUbBNPHUcCTd2022-02-10l0oxxx L318lp2022-0743r2022-02-10w2022-02-10yLBS1 c51409d51409